<?xml version="1.0" encoding="UTF-8"?><?xml-stylesheet type="text/xsl" href="static/style.xsl"?><OAI-PMH xmlns="http://www.openarchives.org/OAI/2.0/" xmlns:xsi="http://www.w3.org/2001/XMLSchema-instance" xsi:schemaLocation="http://www.openarchives.org/OAI/2.0/ http://www.openarchives.org/OAI/2.0/OAI-PMH.xsd"><responseDate>2026-04-13T06:45:01Z</responseDate><request verb="GetRecord" identifier="oai:www.recercat.cat:10256/23516" metadataPrefix="marc">https://recercat.cat/oai/request</request><GetRecord><record><header><identifier>oai:recercat.cat:10256/23516</identifier><datestamp>2025-11-22T07:48:16Z</datestamp><setSpec>com_2072_452955</setSpec><setSpec>com_2072_2054</setSpec><setSpec>col_2072_453063</setSpec></header><metadata><record xmlns="http://www.loc.gov/MARC21/slim" xmlns:dcterms="http://purl.org/dc/terms/" xmlns:xsi="http://www.w3.org/2001/XMLSchema-instance" xmlns:doc="http://www.lyncode.com/xoai" xsi:schemaLocation="http://www.loc.gov/MARC21/slim http://www.loc.gov/standards/marcxml/schema/MARC21slim.xsd">
   <leader>00925njm 22002777a 4500</leader>
   <datafield ind2=" " ind1=" " tag="042">
      <subfield code="a">dc</subfield>
   </datafield>
   <datafield ind2=" " ind1=" " tag="720">
      <subfield code="a">Mancini, Mirco</subfield>
      <subfield code="e">author</subfield>
   </datafield>
   <datafield ind2=" " ind1=" " tag="720">
      <subfield code="a">Serra Putellas, Teresa</subfield>
      <subfield code="e">author</subfield>
   </datafield>
   <datafield ind2=" " ind1=" " tag="720">
      <subfield code="a">Colomer, Jordi</subfield>
      <subfield code="e">author</subfield>
   </datafield>
   <datafield ind2=" " ind1=" " tag="720">
      <subfield code="a">Solari, Luca</subfield>
      <subfield code="e">author</subfield>
   </datafield>
   <datafield ind2=" " ind1=" " tag="260">
      <subfield code="c">2023-09-10</subfield>
   </datafield>
   <datafield ind2=" " ind1=" " tag="520">
      <subfield code="a">Microplastic particles (MP) are an emerging contaminant threatening many aquatic systems. Because of the sharp increase in plastic manufacture, the concentration of MP in natural ecosystems has grown dramatically. While it is known that when MP enter aquatic ecosystems they are transported and dispersed via different mechanisms (currents, waves, turbulence), the processes involved are still poorly understood. In the current study, the transport of MP by a unidirectional flow has been investigated in a laboratory flume. MP enter the system through a plume that can (or not) have suspended sediment. The interaction between MP and sediment was studied for three different MP particle types (Polyamide (PA) and Polyvinyl Chloride (PVC) fragments, and Polyethylene Terephthalate (PET) fibers), and four different sediment concentrations (0 g/l, 15 g/l, 30 g/l and 45 g/l). In all cases, sediment increased the vertical transport of MP to the bottom. The greater the sediment concentration, the greater the downward flux of MP. Sediment particles scavenged PA fragments downwards at the highest rate, followed by PET fibers and finally PVC fragments. These results indicate that a sediment particle-laden plume carrying MP may induce a differential settling of MP as they are advected. The scavenging of MP by sediments may result in sedimentation segregated patterns, with MP being found at shorter distances than expected for the case without sediment, therefore increasing the presence of MP near their contaminant sources</subfield>
   </datafield>
   <datafield ind2=" " ind1=" " tag="520">
      <subfield code="a">This work was supported by the Ministerio de Economía y Competitividad of the Spanish Government through Grant PID2021-123860OB-I00</subfield>
   </datafield>
   <datafield ind2=" " ind1=" " tag="520">
      <subfield code="a">Open Access funding provided thanks to the CRUE-CSIC agreement with Elsevier</subfield>
   </datafield>
   <datafield tag="653" ind2=" " ind1=" ">
      <subfield code="a">Microplàstics</subfield>
   </datafield>
   <datafield tag="653" ind2=" " ind1=" ">
      <subfield code="a">Microplastics</subfield>
   </datafield>
   <datafield tag="653" ind2=" " ind1=" ">
      <subfield code="a">Contaminants emergents en l'aigua</subfield>
   </datafield>
   <datafield tag="653" ind2=" " ind1=" ">
      <subfield code="a">Emerging contaminants in water</subfield>
   </datafield>
   <datafield tag="653" ind2=" " ind1=" ">
      <subfield code="a">Sedimentació</subfield>
   </datafield>
   <datafield tag="653" ind2=" " ind1=" ">
      <subfield code="a">Sedimentation and deposition</subfield>
   </datafield>
   <datafield tag="653" ind2=" " ind1=" ">
      <subfield code="a">Corrent de terbolesa</subfield>
   </datafield>
   <datafield tag="653" ind2=" " ind1=" ">
      <subfield code="a">Turbidity currents</subfield>
   </datafield>
   <datafield tag="653" ind2=" " ind1=" ">
      <subfield code="a">Microcontaminants</subfield>
   </datafield>
   <datafield tag="653" ind2=" " ind1=" ">
      <subfield code="a">Micropollutants</subfield>
   </datafield>
   <datafield tag="653" ind2=" " ind1=" ">
      <subfield code="a">Aigua -- Contaminació</subfield>
   </datafield>
   <datafield tag="653" ind2=" " ind1=" ">
      <subfield code="a">Water -- Pollution</subfield>
   </datafield>
   <datafield ind2="0" ind1="0" tag="245">
      <subfield code="a">Suspended sediments mediate microplastic sedimentation in unidirectional flows</subfield>
   </datafield>
</record></metadata></record></GetRecord></OAI-PMH>